[Event "6tth ch-EUR IBCA 2015"]
[Site "Lyon FRA"]
[Date "2015.07.26"]
[Round "2.25"]
[White "Klimis, Laertis"]
[Black "Bremer, Erik"]
[Result "1-0"]
[WhiteElo "1864"]
[BlackElo "1475"]
[WhiteFideId "4206983"]
[BlackFideId "1411578"]
[EventDate "2015.07.25"]

1. d4 Nf6 2. Nf3 d5 3. Bf4 e6 4. e3 c5 5. Nbd2 Nc6 6. c3 Bd6 7. Ne5 O-O 8. Bd3
Bd7 9. Nxf7 Rxf7 10. Bxd6 cxd4 11. cxd4 Be8 12. Bg3 Rc8 13. a3 Rf8 14. O-O Bh5
15. f3 Qe7 16. b4 e5 17. Bf5 Rcd8 18. b5 Nb8 19. dxe5 Ne4 20. Nxe4 dxe4 21. Qb3+
Bf7 22. e6 Bg6 23. fxe4 Bh5 24. Rac1 Be2 25. Rc7 Rd3 26. Qb2 Rxf5 27. exf5 Qg5
28. Qxe2 Rxe3 29. Rc8+ 1-0

[Event "6tth ch-EUR IBCA 2015"]
[Site "Lyon FRA"]
[Date "2015.07.26"]
[Round "2.26"]
[White "Antonic, Nenad"]
[Black "Morariu, Ionel"]
[Result "0-1"]
[WhiteElo "1450"]
[BlackElo "1863"]
[WhiteFideId "20601506"]
[BlackFideId "1220713"]
[EventDate "2015.07.25"]

1. d4 Nf6 2. Nf3 d6 3. e3 Nbd7 4. Bd3 g6 5. O-O Bg7 6. c3 O-O 7. Re1 e5 8. dxe5
dxe5 9. e4 c6 10. Bg5 Qb6 11. b3 Rd8 12. Be3 Qa5 13. b4 Qc7 14. Qc2 c5 15. b5 c4
16. Be2 a6 17. bxa6 Rxa6 18. Nbd2 b5 19. Reb1 Qc6 20. a3 Ng4 21. Nf1 Nxe3 22.
Nxe3 Nc5 23. Nd5 Ra7 24. Rd1 Kf8 25. Ng5 h6 26. Nb4 Qe8 27. Rxd8 Qxd8 28. Nc6
Qxg5 29. Nxa7 Bd7 30. Rd1 Ke8 31. Rd2 Qf6 32. Qd1 Qb6 0-1

[Event "6tth ch-EUR IBCA 2015"]
[Site "Lyon FRA"]
[Date "2015.07.26"]
[Round "2.27"]
[White "Martinez Colomar, Alejandro"]
[Black "L'herbon De Lussats, Jean"]
[Result "1-0"]
[WhiteElo "1853"]
[BlackElo "1416"]
[WhiteFideId "32031491"]
[BlackFideId "20652194"]
[EventDate "2015.07.25"]

1. c4 c5 2. Nc3 Nf6 3. g3 Nc6 4. Bg2 e5 5. e4 d6 6. Nge2 Bg4 7. h3 Bh5 8. O-O
Nd4 9. d3 Qd7 10. f4 h6 11. g4 Bg6 12. Nxd4 cxd4 13. Nd5 Nxd5 14. cxd5 h5 15. f5
Bh7 16. g5 g6 17. f6 h4 18. Bf3 Qxh3 19. Bg4 Qg3+ 20. Kh1 h3 21. Qa4+ 1-0

[Event "6tth ch-EUR IBCA 2015"]
[Site "Lyon FRA"]
[Date "2015.07.26"]
[Round "2.28"]
[White "Le Brun, Yves"]
[Black "Lapadatu, Teodor"]
[Result "0-1"]
[WhiteElo "1396"]
[BlackElo "1846"]
[WhiteFideId "20652178"]
[BlackFideId "1212508"]
[EventDate "2015.07.25"]

1. e4 e6 2. Nc3 d5 3. exd5 exd5 4. d4 c6 5. a3 Bd6 6. Be3 Ne7 7. Nf3 Bg4 8. h3
Bh5 9. Bd3 O-O 10. g4 Bg6 11. Qd2 f5 12. Nh4 f4 13. Nxg6 Nxg6 14. Bf5 fxe3 15.
Qxe3 Re8 16. Be6+ Kh8 17. O-O-O Bf4 0-1

[Event "6tth ch-EUR IBCA 2015"]
[Site "Lyon FRA"]
[Date "2015.07.26"]
[Round "2.29"]
[White "Prpic, Milan"]
[Black "Duthoit, Bernard"]
[Result "1-0"]
[WhiteElo "1839"]
[BlackElo "1372"]
[WhiteFideId "14521270"]
[BlackFideId "20652143"]
[EventDate "2015.07.25"]

1. d4 e5 2. d5 d6 3. c4 Nf6 4. Nc3 c6 5. e4 cxd5 6. cxd5 Be7 7. Nf3 Nbd7 8. b4
O-O 9. Bd3 b6 10. Bd2 Bb7 11. O-O a6 12. Qe2 b5 13. a4 bxa4 14. Nxa4 Qb8 15.
Rfb1 Rc8 16. h3 Rc7 17. Ne1 Ne8 18. Nc2 Rc8 19. Ne3 g6 20. Nc4 Qc7 21. Be3 Bd8
22. Nab6 Nxb6 23. Nxb6 Qb8 24. Nxa8 Qxa8 25. Bxa6 Bxa6 26. Rxa6 1-0

[Event "6tth ch-EUR IBCA 2015"]
[Site "Lyon FRA"]
[Date "2015.07.27"]
[Round "3.1"]
[White "Stachanczyk, Jacek"]
[Black "Tazbir, Marcin"]
[Result "1/2-1/2"]
[WhiteTitle "FM"]
[BlackTitle "GM"]
[WhiteElo "2259"]
[BlackElo "2516"]
[WhiteFideId "1116657"]
[BlackFideId "1122452"]
[EventDate "2015.07.25"]

1. e4 g6 2. d4 Bg7 3. Nc3 d6 4. f4 e6 5. Nf3 Ne7 6. Be3 b6 7. Qd2 Bb7 8. O-O-O
Nd7 9. h3 a6 10. Bd3 c5 11. dxc5 Nxc5 12. Bd4 Bxd4 13. Nxd4 Qd7 14. Rhe1 O-O-O
15. Bf1 d5 16. e5 h5 17. g3 Kb8 18. Nb3 Qc7 19. Qf2 Rc8 20. Kb1 Nxb3 21. axb3
Qc5 22. Qd2 Rc7 23. Na4 Qc6 24. Qf2 b5 25. Nc3 Rhc8 1/2-1/2

[Event "6tth ch-EUR IBCA 2015"]
[Site "Lyon FRA"]
[Date "2015.07.27"]
[Round "3.2"]
[White "Babarykin, Stanislav"]
[Black "Ross, Chris N"]
[Result "1-0"]
[WhiteTitle "FM"]
[BlackTitle "CM"]
[WhiteElo "2357"]
[BlackElo "2184"]
[WhiteFideId "4101898"]
[BlackFideId "410411"]
[EventDate "2015.07.25"]

1. e4 c5 2. Nf3 e6 3. g3 Nc6 4. Bg2 Nf6 5. Qe2 d5 6. exd5 Nxd5 7. O-O Be7 8. Rd1
O-O 9. d4 cxd4 10. Nxd4 Nxd4 11. Rxd4 Bf6 12. Rd1 Qc7 13. c4 Nb6 14. Nd2 Rd8 15.
Ne4 Rxd1+ 16. Qxd1 Be7 17. b3 Bd7 18. Qh5 f6 19. Be3 e5 20. c5 Nc8 21. Rd1 g6
22. Qh4 Kg7 23. Qh6+ Kg8 24. Nxf6+ Bxf6 25. Bd5+ 1-0

[Event "6tth ch-EUR IBCA 2015"]
[Site "Lyon FRA"]
[Date "2015.07.27"]
[Round "3.3"]
[White "Dukaczewski, Piotr"]
[Black "Meshkov, Yuri A."]
[Result "1-0"]
[WhiteTitle "IM"]
[BlackTitle "IM"]
[WhiteElo "2237"]
[BlackElo "2349"]
[WhiteFideId "1103520"]
[BlackFideId "4107101"]
[EventDate "2015.07.25"]

1. Nf3 c5 2. e4 d6 3. d4 Nf6 4. Nc3 cxd4 5. Nxd4 Nc6 6. Bg5 Qb6 7. Nb3 e6 8. Qd2
Bd7 9. O-O-O a6 10. f3 Qc7 11. h4 h5 12. Kb1 b5 13. Bxb5 axb5 14. Nxb5 Qb8 15.
Nxd6+ Bxd6 16. Qxd6 Qxd6 17. Rxd6 Ne5 18. Rhd1 Ba4 19. Nc5 O-O 20. b3 Be8 21.
Nd3 Nxd3 22. R1xd3 Rc8 23. c4 Bc6 24. Bxf6 gxf6 25. Kb2 Rfe8 26. b4 f5 27. e5 f6
28. exf6 Kf7 29. b5 Ba8 30. Kb3 e5 31. Re3 e4 32. f4 Red8 33. Rxd8 Rxd8 34. a4
Rd1 35. a5 Kxf6 36. a6 Ke6 37. Kc2 Ra1 38. Rg3 Kd6 39. Kb2 Ra4 40. Rg8 e3 41.
Rxa8 Kd7 42. Kc2 Ra2+ 43. Kd1 1-0

[Event "6tth ch-EUR IBCA 2015"]
[Site "Lyon FRA"]
[Date "2015.07.27"]
[Round "3.4"]
[White "Pakhomov, Alexey"]
[Black "Nizam, Rasim"]
[Result "1/2-1/2"]
[WhiteTitle "IM"]
[BlackTitle "IM"]
[WhiteElo "2346"]
[BlackElo "2180"]
[WhiteFideId "4129016"]
[BlackFideId "2906708"]
[EventDate "2015.07.25"]

1. d4 e6 2. Nf3 Nf6 3. Bg5 Be7 4. c4 O-O 5. Nc3 d5 6. e3 b6 7. cxd5 exd5 8. Bd3
Bb7 9. Qc2 Nbd7 10. O-O c5 11. Ne5 c4 12. Bf5 g6 13. Bh3 Nxe5 14. dxe5 Nd7 15.
Bh6 Nxe5 16. Bxf8 Bxf8 17. Rad1 a6 18. b3 b5 19. bxc4 bxc4 20. Ne2 Nd3 21. Rb1
Qe7 22. Rb6 Bh6 23. Qb1 Rb8 24. Nc3 Qe5 25. Rxb7 Rxb7 26. Qxb7 Qxc3 27. Qxd5
Nxf2 28. Be6 Qxe3 29. Bxf7+ Kg7 30. Qf3 Qxf3 31. gxf3 Nh3+ 32. Kg2 Nf4+ 33. Kh1
Kxf7 34. Rc1 Ne6 35. Rxc4 Bd2 36. Kg2 Kf6 37. Kf2 a5 38. a3 Bf4 39. h3 Bd6 40.
Ra4 Bc5+ 41. Kg3 Bb6 42. Rc4 h5 43. Rc6 Bc7+ 44. Kf2 g5 45. Kg2 h4 46. Kf2 Ke5
47. Rc4 Bb6+ 48. Kg2 Nd4 49. Rc8 Ne6 50. Rc4 Nf4+ 51. Kh2 Nd3 52. Rc6 Bc5 53.
Ra6 Bxa3 54. Rxa5+ Bc5 55. Ra4 Bd4 56. Ra5+ Kf4 57. Rd5 Ke3 58. Rxg5 Be5+ 59.
Kg1 Kxf3 60. Rg4 Bg3 61. Ra4 Bf4 62. Ra3 Be3+ 63. Kh2 Nf2 64. Rb3 Nd1 65. Ra3
Nb2 66. Rb3 Nc4 67. Rc3 Nd2 68. Ra3 Nf1+ 69. Kh1 Ng3+ 70. Kh2 Ne4 71. Rb3 Ke2
72. Kg2 Bd2 73. Rb5 Nc3 74. Re5+ Be3 75. Rh5 Bf2 76. Re5+ Be3 77. Rh5 1/2-1/2

[Event "6tth ch-EUR IBCA 2015"]
[Site "Lyon FRA"]
[Date "2015.07.27"]
[Round "3.5"]
[White "Komissarov, Alexey"]
[Black "Dimic, Pavle"]
[Result "1/2-1/2"]
[BlackTitle "FM"]
[WhiteElo "2191"]
[BlackElo "2305"]
[WhiteFideId "4176545"]
[BlackFideId "937428"]
[EventDate "2015.07.25"]

1. e4 c6 2. d4 d5 3. Nc3 dxe4 4. Nxe4 Bf5 5. Ng3 Bg6 6. h4 h6 7. Nf3 Nd7 8. h5
Bh7 9. Bd3 Bxd3 10. Qxd3 e6 11. Bd2 Ngf6 12. O-O-O Be7 13. Qe2 O-O 14. Nf1 Qb6
15. g4 c5 16. g5 Nd5 17. gxh6 cxd4 18. Rg1 Ba3 19. Rxg7+ Kh8 20. Rh7+ Kg8 21.
Rg7+ 1/2-1/2

[Event "6tth ch-EUR IBCA 2015"]
[Site "Lyon FRA"]
[Date "2015.07.27"]
[Round "3.6"]
[White "Hervais, Adrien"]
[Black "Grigorchuk, Sergey"]
[Result "0-1"]
[BlackTitle "CM"]
[WhiteElo "2029"]
[BlackElo "2295"]
[WhiteFideId "612294"]
[BlackFideId "14114879"]
[EventDate "2015.07.25"]

1. e4 e6 2. d4 d5 3. Nd2 c5 4. exd5 Qxd5 5. dxc5 Bxc5 6. Ngf3 Nf6 7. Bc4 Qd8 8.
O-O O-O 9. Qe2 Nc6 10. Ne4 Be7 11. Bd3 Nxe4 12. Qxe4 f5 13. Qe2 Bf6 14. Bc4 Kh8
15. c3 e5 16. Be3 Qe7 17. b4 e4 18. Bc5 exf3 19. Qxf3 Ne5 20. Qe2 Qc7 21. Bxf8
Qxc4 22. Qxc4 Nxc4 23. Rae1 Bd7 24. Be7 Be5 25. Rd1 Be6 26. Rfe1 Kg8 27. f4 Kf7
28. fxe5 Kxe7 29. Re2 g5 30. Kf2 a5 31. Rd4 axb4 32. cxb4 b5 33. Rc2 Ra4 34. h4
g4 35. Kg3 Rxb4 36. Re2 Rb1 37. Kf2 Rh1 38. Kg3 Rf1 39. Rf4 Rd1 40. Kf2 Rd3 41.
g3 Nd2 42. Re3 Ne4+ 43. Ke2 Rd2+ 44. Ke1 Rxa2 0-1

[Event "6tth ch-EUR IBCA 2015"]
[Site "Lyon FRA"]
[Date "2015.07.27"]
[Round "3.7"]
[White "Wassin, Sergej"]
[Black "Clemente Llamero, Roberto"]
[Result "1-0"]
[WhiteTitle "FM"]
[WhiteElo "2298"]
[BlackElo "2076"]
[WhiteFideId "14103494"]
[BlackFideId "2257696"]
[EventDate "2015.07.25"]

1. d4 d5 2. c4 e6 3. Nf3 Nf6 4. g3 Be7 5. Bg2 O-O 6. O-O dxc4 7. Ne5 Nc6 8. Bxc6
bxc6 9. Nxc6 Qe8 10. Nxe7+ Qxe7 11. Qa4 e5 12. dxe5 Qxe5 13. Qxc4 Be6 14. Qd3
Ng4 15. Nc3 Qh5 16. h4 Ne5 17. Qe3 h6 18. f3 Rfe8 19. Qf2 Rab8 20. b3 Rb4 21.
Ba3 Rb6 22. Bc5 Rc6 23. Bd4 Bc8 24. Rac1 Ng6 25. Ne4 Rxc1 26. Rxc1 Qa5 1-0

[Event "6tth ch-EUR IBCA 2015"]
[Site "Lyon FRA"]
[Date "2015.07.27"]
[Round "3.8"]
[White "Mueller, Oliver"]
[Black "Riegler, Dieter"]
[Result "1-0"]
[WhiteTitle "FM"]
[WhiteElo "2269"]
[BlackElo "2095"]
[WhiteFideId "4633385"]
[BlackFideId "4606426"]
[EventDate "2015.07.25"]

1. d4 Nf6 2. c4 g6 3. g3 Bg7 4. Bg2 O-O 5. Nc3 d6 6. Nf3 Nc6 7. O-O Rb8 8. h3 a6
9. e4 b5 10. e5 Nd7 11. cxb5 axb5 12. Ng5 b4 13. Ne2 Rb6 14. e6 Nf6 15. exf7+
Kh8 16. Nf4 Nxd4 17. Qxd4 e5 18. Nxg6+ hxg6 19. Qh4+ Nh5 20. g4 Bf6 21. gxh5 Kg7
22. hxg6 Rh8 23. Qg3 Rh5 24. Nh7 Bh4 25. Qf3 Rf5 26. Qe3 Kxg6 27. f8=Q Rxf8 28.
Qh6+ Kf7 29. Bd5+ 1-0

[Event "6tth ch-EUR IBCA 2015"]
[Site "Lyon FRA"]
[Date "2015.07.27"]
[Round "3.9"]
[White "Fernandez Manrique, Agustin"]
[Black "Pirosca, Alexandru"]
[Result "1-0"]
[WhiteElo "2183"]
[BlackElo "2003"]
[WhiteFideId "2231000"]
[BlackFideId "1211110"]
[EventDate "2015.07.25"]

1. c4 Nf6 2. Nc3 d5 3. cxd5 Nxd5 4. g3 g6 5. Bg2 Nb6 6. d3 Bg7 7. Be3 O-O 8. Qd2
Re8 9. Rc1 Nc6 10. Bxc6 bxc6 11. Bh6 Bh8 12. h4 e5 13. h5 Qe7 14. hxg6 hxg6 15.
Ne4 Nd5 16. Rxc6 Bb7 17. Rc4 Rad8 18. Qc1 Ba8 19. Nf3 f6 20. Bd2 Bg7 21. Ba5 f5
22. Neg5 Rd7 23. Rch4 Nf6 24. Bb4 Qd8 25. e4 fxe4 26. dxe4 Rd4 27. Nxd4 Qxd4 28.
Bc5 Qd3 29. Qd1 Qc4 30. Qb3 Qxb3 31. axb3 Rb8 32. O-O Nd7 33. Bxa7 Rxb3 34. Rd1
Bc6 35. Rc1 Bb5 36. Rxc7 Rxb2 37. Rc8+ Bf8 38. Ne6 Kf7 39. Nxf8 Nxf8 40. Bc5 Nd7
41. Rh7+ Kf6 42. Be7+ Ke6 43. Bg5 Nf6 44. Bxf6 Kxf6 45. Rf8+ Kg5 46. Re7 Rb1+
47. Kh2 Be2 48. Rxe5+ Kh6 49. Re7 Rd1 50. Rh8+ Kg5 51. Re5+ Kf6 52. Rd5 Re1 53.
Rf8+ Kg7 54. Rf4 Bc4 55. Re5 Bd3 56. Re7+ Kh6 57. Rh4+ Kg5 58. Rf7 Re2 59. Kh3 1-0

[Event "6tth ch-EUR IBCA 2015"]
[Site "Lyon FRA"]
[Date "2015.07.27"]
[Round "3.10"]
[White "Bindzus, Ernst"]
[Black "Zsiltzova-Lisenko, Lubov"]
[Result "0-1"]
[BlackTitle "WIM"]
[WhiteElo "1890"]
[BlackElo "2224"]
[WhiteFideId "1411950"]
[BlackFideId "14101360"]
[EventDate "2015.07.25"]

1. e4 c5 2. Nc3 Nc6 3. Bb5 Nd4 4. Bc4 g6 5. Nf3 Bg7 6. Nxd4 cxd4 7. Qf3 Nh6 8.
d3 O-O 9. Ne2 Ng4 10. Bb3 Ne5 11. Qg3 Nc6 12. O-O Na5 13. Bd2 Nxb3 14. axb3 Qb6
15. f4 f5 16. Kh1 d6 17. Qe1 fxe4 18. dxe4 Qc6 19. c3 Qxe4 20. Nxd4 Qd5 21. Qe3
Rf7 22. b4 b6 23. Qf3 Qxf3 24. Nxf3 h6 25. Be3 Bb7 26. Kg1 a6 27. Nh4 Kh7 28. g3
b5 29. Rad1 a5 30. bxa5 Rxa5 31. Ra1 Ra4 32. Rxa4 bxa4 33. Nf3 Bc6 34. Nd4 Bd7
35. Kg2 Rf8 36. Ne2 g5 37. fxg5 Bh3+ 0-1

[Event "6tth ch-EUR IBCA 2015"]
[Site "Lyon FRA"]
[Date "2015.07.27"]
[Round "3.11"]
[White "Gasperoni, Claudio"]
[Black "Kasimov, Rustam"]
[Result "1-0"]
[WhiteElo "1867"]
[BlackElo "2196"]
[WhiteFideId "825450"]
[BlackFideId "4194071"]
[EventDate "2015.07.25"]

1. d4 Nf6 2. Nf3 e6 3. e3 d5 4. c4 Be7 5. Bd3 O-O 6. O-O b6 7. cxd5 exd5 8. Nc3
Bb7 9. Ne5 c5 10. f4 Nc6 11. Rf3 a6 12. Rh3 c4 13. Bxh7+ Kh8 14. Bf5+ Kg8 15. g4
g6 16. g5 Ne4 17. Bxg6 fxg6 18. Nxg6 Kg7 19. Rh7+ Kxg6 20. Qh5+ Kf5 21. Qh3+ Kg6
22. Nxe4 dxe4 23. Qh5+ Kf5 24. Rh6 Bxg5 25. Qh3# 1-0

[Event "6tth ch-EUR IBCA 2015"]
[Site "Lyon FRA"]
[Date "2015.07.27"]
[Round "3.12"]
[White "Cajzler, Hinko"]
[Black "Hilton, Stephen H"]
[Result "1/2-1/2"]
[WhiteElo "2135"]
[BlackElo "1880"]
[WhiteFideId "14501376"]
[BlackFideId "415030"]
[EventDate "2015.07.25"]

1. Nf3 Nf6 2. c4 g6 3. Nc3 Bg7 4. d4 d5 5. cxd5 Nxd5 6. Qb3 Nb6 7. e3 O-O 8. Be2
Be6 9. Qc2 Nc6 10. O-O Bc4 11. Bxc4 Nxc4 12. b3 Nd6 13. Bb2 e5 14. Ne2 e4 15.
Ne5 Nb4 16. Qb1 Nd5 17. Qc2 Nb4 18. Qd2 Nd5 19. Rac1 Re8 20. Rfd1 f6 21. Nc4 Nf7
22. Na5 Rb8 23. Nc3 c6 24. Na4 Bf8 25. a3 f5 26. b4 Qg5 27. Nc3 Nf6 28. Ne2 Nd5
29. Nc4 Bh6 30. g3 Qg4 31. Ne5 Nxe5 32. dxe5 Rbd8 33. Bd4 Bg7 34. Qa2 h5 35. Nf4
Kh7 1/2-1/2

[Event "6tth ch-EUR IBCA 2015"]
[Site "Lyon FRA"]
[Date "2015.07.27"]
[Round "3.13"]
[White "Morariu, Ionel"]
[Black "Mueller, Thorsten"]
[Result "0-1"]
[WhiteElo "1863"]
[BlackElo "2133"]
[WhiteFideId "1220713"]
[BlackFideId "4653319"]
[EventDate "2015.07.25"]

1. c4 c6 2. Nc3 Nf6 3. Nf3 d5 4. e3 e6 5. d4 Nbd7 6. Be2 dxc4 7. Bxc4 b5 8. Bd3
Bb7 9. e4 b4 10. Ne2 c5 11. Bg5 Qb6 12. Qa4 Bc6 13. Qc2 c4 14. Qxc4 Bxe4 15.
Bxe4 Nxe4 16. Be3 Nd6 17. Qd3 Nf5 18. O-O Bd6 19. Bf4 O-O 20. d5 Nc5 21. Qb1
Bxf4 22. Nxf4 Qd6 23. g3 g6 24. dxe6 Nxe6 25. Nxe6 Qxe6 26. Re1 Qf6 27. b3 h5
28. h4 Rac8 29. Re2 Qa6 30. Qe1 Qb7 31. Re4 a5 32. Kg2 Rc3 33. Rd1 Rfc8 34. Rd2
Kg7 35. Rde2 Rxf3 0-1

[Event "6tth ch-EUR IBCA 2015"]
[Site "Lyon FRA"]
[Date "2015.07.27"]
[Round "3.14"]
[White "Draghici Flutur, Gavril"]
[Black "Deville, Olivier"]
[Result "1-0"]
[WhiteElo "2125"]
[BlackElo "1868"]
[WhiteFideId "1206508"]
[BlackFideId "624160"]
[EventDate "2015.07.25"]

1. e4 c5 2. Nf3 d6 3. d4 cxd4 4. Nxd4 Nf6 5. Nc3 a6 6. f4 e6 7. Be2 Be7 8. Be3
Qc7 9. O-O O-O 10. a4 Nc6 11. Qe1 Nxd4 12. Bxd4 e5 13. Be3 Be6 14. Qg3 exf4 15.
Qxf4 Nd7 16. Rad1 Ne5 17. Rd2 Nc4 18. Bxc4 Bxc4 19. Nd5 Bxd5 20. exd5 Bf6 21. c4
Be5 22. Qe4 Rae8 23. Qd3 Qe7 24. Bb6 Bf6 25. c5 Qd7 26. a5 dxc5 27. Bxc5 Be7 28.
d6 Bd8 29. b4 Re5 30. Rdf2 f6 31. Re2 Rfe8 32. Rxe5 Rxe5 33. Qf3 Qb5 34. Qb3+
Kh8 35. Qf7 Re8 36. d7 Rg8 37. Re1 Qd3 38. Qe6 h6 39. Bb6 Qb5 40. Bc5 Bxa5 41.
Be7 Qb6+ 42. Bc5 Qxe6 43. Rxe6 Bd8 44. Re8 Kh7 45. Kf1 b6 46. Bf8 Bc7 47. Rc8 a5
48. bxa5 bxa5 49. Rxc7 1-0

[Event "6tth ch-EUR IBCA 2015"]
[Site "Lyon FRA"]
[Date "2015.07.27"]
[Round "3.15"]
[White "Spinu, Evgeny"]
[Black "Eichstaedt, Mirko"]
[Result "1/2-1/2"]
[WhiteTitle "FM"]
[WhiteElo "2210"]
[BlackElo "1997"]
[WhiteFideId "13902784"]
[BlackFideId "24692310"]
[EventDate "2015.07.25"]

1. e4 e5 2. Nf3 Nc6 3. d4 exd4 4. Nxd4 Nf6 5. Nxc6 bxc6 6. e5 Qe7 7. Qe2 Nd5 8.
c4 Ba6 9. Qe4 Nb6 10. b3 f6 11. Bb2 d5 12. cxd5 cxd5 13. Qe3 Bxf1 14. Kxf1 fxe5
15. Qxe5 Qxe5 16. Bxe5 Nd7 17. Bb2 Kf7 18. Nd2 Be7 19. Nf3 Bf6 20. Bxf6 Kxf6 21.
Rd1 c6 22. Rc1 c5 23. Ke2 Rhe8+ 24. Kd2 Rac8 25. Rhe1 Ne5 26. Nxe5 Rxe5 27. Rxe5
Kxe5 28. Kd3 a5 29. Re1+ Kd6 30. f4 Rf8 31. g3 g6 32. Re5 a4 33. Re2 Rb8 34. Kc2
Ra8 35. Kb2 Rb8 36. Kc2 1/2-1/2

[Event "6tth ch-EUR IBCA 2015"]
[Site "Lyon FRA"]
[Date "2015.07.27"]
[Round "3.16"]
[White "Lapadatu, Teodor"]
[Black "Jandric, Damjan"]
[Result "0-1"]
[BlackTitle "CM"]
[WhiteElo "1846"]
[BlackElo "2122"]
[WhiteFideId "1212508"]
[BlackFideId "921475"]
[EventDate "2015.07.25"]

1. Nf3 Nf6 2. g3 g6 3. Bg2 Bg7 4. O-O O-O 5. d3 d6 6. c3 c5 7. e4 Nc6 8. Re1 h6
9. h3 Be6 10. Be3 Rc8 11. Nbd2 b6 12. d4 cxd4 13. Nxd4 Nxd4 14. Bxd4 Qd7 15. Kh2
Qb5 16. Nb3 h5 17. Bf1 Bc4 18. Bxc4 Qxc4 19. Qe2 Qa4 20. e5 dxe5 21. Bxe5 Rfd8
22. Red1 Rxd1 23. Qxd1 h4 24. Nd4 Qa5 25. Qe2 hxg3+ 26. fxg3 Qd5 27. Nb3 Rc4 28.
Rd1 Re4 0-1

[Event "6tth ch-EUR IBCA 2015"]
[Site "Lyon FRA"]
[Date "2015.07.27"]
[Round "3.17"]
[White "Schellmann, Frank"]
[Black "Martinez Colomar, Alejandro"]
[Result "1-0"]
[WhiteTitle "CM"]
[WhiteElo "2093"]
[BlackElo "1853"]
[WhiteFideId "4669916"]
[BlackFideId "32031491"]
[EventDate "2015.07.25"]

1. e4 c5 2. c3 Nf6 3. e5 Nd5 4. Nf3 Nc6 5. Bc4 Nb6 6. Bb3 e6 7. d4 cxd4 8. cxd4
d6 9. Qe2 dxe5 10. dxe5 Nd4 11. Nxd4 Qxd4 12. O-O Be7 13. Rd1 Qc5 14. Nc3 Bd7
15. Bf4 Bc6 16. Rac1 Qb4 17. Bd2 Qh4 18. Be3 Rd8 19. Nb5 Rxd1+ 20. Rxd1 Qe4 21.
Qf1 Qxe5 22. Nxa7 Nd5 23. Nxc6 bxc6 24. Bd4 Qg5 25. Qc4 O-O 26. Qxc6 Nb4 27. Qf3
Rd8 28. Be3 Rxd1+ 29. Qxd1 Qe5 30. Bd4 Qe4 31. f3 Qc6 32. a3 Nd5 33. Qc2 Qb7 34.
Ba4 Nb6 35. Qc6 Qxc6 36. Bxc6 Nc4 37. Bb5 Nxa3 38. bxa3 Bxa3 39. Kf2 Bd6 40. h3
Kf8 41. Ke3 Ba3 42. Kd3 Bd6 43. Kc4 Kg8 44. Bd7 Be7 45. Kb5 Bd6 46. Kc6 Be7 47.
Kc7 Bh4 48. Bc5 Bf6 49. Bd6 Bh4 50. Bb5 Bf6 51. Kd7 Bd4 52. Ke8 Bf6 53. Bc4 Bd4
54. g4 g5 55. Bf8 Be3 56. Bh6 Bf4 57. Ke7 Be3 58. Kf6 Bb6 59. Kxg5 Be3+ 60. Kh5
Bc5 61. h4 Bb4 62. Bc1 Be7 63. Bb2 Bd8 64. g5 Be7 65. Kg4 Bd6 66. Bf6 Bc7 67.
Be7 Be5 68. Bf6 Bd6 69. Kh3 Bc5 70. Kg2 Bd6 71. Kf2 Bc5+ 72. Ke2 Bd6 73. Ke3
Bc5+ 74. Ke4 Bf2 75. h5 Bc5 76. Ke5 Bb4 77. Kd4 Ba3 78. Kc3 Bc5 79. Kb3 Be3 80.
Kb4 Bf4 81. Kb5 Be3 82. Kc6 Kf8 83. Kd7 Bc5 84. Bd3 Kg8 85. Ke8 Bb4 86. Bxh7+
Kxh7 87. Kxf7 e5 88. Bg7 1-0

[Event "6tth ch-EUR IBCA 2015"]
[Site "Lyon FRA"]
[Date "2015.07.27"]
[Round "3.18"]
[White "Pribeanu, Mihail-Dacian"]
[Black "Klimis, Laertis"]
[Result "1-0"]
[WhiteTitle "FM"]
[WhiteElo "2120"]
[BlackElo "1864"]
[WhiteFideId "1209094"]
[BlackFideId "4206983"]
[EventDate "2015.07.25"]

1. e4 e6 2. d3 d5 3. Nd2 c5 4. Ngf3 Nc6 5. g3 Bd6 6. Bg2 Nge7 7. O-O O-O 8. Nh4
f5 9. f4 fxe4 10. dxe4 c4 11. c3 b5 12. Kh1 Rb8 13. Ndf3 Bc5 14. Qe2 d4 15. Nxd4
Nxd4 16. cxd4 Qxd4 17. Rd1 Qf2 18. Qxf2 Bxf2 19. Bd2 Bc5 20. Rac1 Nc6 21. Nf3 a5
22. a4 Ba6 23. axb5 Bxb5 24. Bh3 Rfe8 25. Bc3 Nb4 26. Ne5 Na2 27. Ra1 Nxc3 28.
bxc3 a4 29. Bf1 a3 30. Bxc4 Bxc4 31. Nxc4 Rb3 32. Rdc1 Ra8 33. Ra2 Ra4 34. Nd2
Rb2 35. Rca1 Rxa2 36. Rxa2 Be3 37. Nf1 Bc5 38. Nd2 Kf7 39. Kg2 Ke7 40. Kf3 Kd6
41. Nb1 Rc4 42. Ra1 Ra4 43. Ra2 Ra8 44. Ke2 Ke7 45. Nd2 h6 46. Nc4 h5 47. Ne5
Ke8 48. Nd3 Be7 49. Kd2 Ra4 50. e5 g5 51. fxg5 Bxg5+ 52. Kc2 Be7 53. Kb3 Rg4 54.
Nb4 Re4 55. Rxa3 Rxe5 56. Ra8+ Kd7 57. Ra7+ Kd6 58. Ra6+ Kd7 59. Ra7+ Kd6 60.
Rxe7 Kxe7 61. Nc6+ Kd6 62. Nxe5 Kxe5 1-0

[Event "6tth ch-EUR IBCA 2015"]
[Site "Lyon FRA"]
[Date "2015.07.27"]
[Round "3.19"]
[White "Rositsan, Boris"]
[Black "Prpic, Milan"]
[Result "1-0"]
[WhiteTitle "FM"]
[WhiteElo "2051"]
[BlackElo "1839"]
[WhiteFideId "12802158"]
[BlackFideId "14521270"]
[EventDate "2015.07.25"]

1. Nf3 Nf6 2. d4 e6 3. Bf4 c5 4. c3 b6 5. Nbd2 cxd4 6. cxd4 Bb7 7. e3 Be7 8. Rc1
d6 9. Bb5+ Nbd7 10. Nc4 Qb8 11. Qa4 Bd5 12. Bc6 Bxc6 13. Qxc6 O-O 14. Nxd6 Qd8
15. O-O Nd5 16. Be5 N5f6 17. Rfd1 h6 18. h3 Kh7 19. Qb7 Qb8 20. Qxb8 Raxb8 21.
Rc7 Ra8 22. Bxf6 Nxf6 23. Rxe7 Kg8 24. Ne5 Rad8 25. Nexf7 a6 26. Nxd8 1-0

[Event "6tth ch-EUR IBCA 2015"]
[Site "Lyon FRA"]
[Date "2015.07.27"]
[Round "3.20"]
[White "Dalschaert, Didier"]
[Black "Mlacnik, Franc"]
[Result "0-1"]
[WhiteElo "1836"]
[BlackElo "2048"]
[WhiteFideId "214019"]
[BlackFideId "14601923"]
[EventDate "2015.07.25"]

1. e4 d6 2. d4 Nf6 3. Nc3 g6 4. Nf3 Bg7 5. Be2 O-O 6. O-O Nc6 7. d5 Nb8 8. h3 e5
9. Bg5 h6 10. Be3 Kh7 11. Qd2 Ng8 12. Nh2 f5 13. f4 exf4 14. Rxf4 g5 15. Rff1 f4
16. Bd4 Nd7 17. Bxg7 Kxg7 18. Ng4 Ne5 19. Qd4 Qe7 20. Nb5 a6 21. Nc3 Nf6 22.
Nxf6 Qxf6 23. Rad1 Kg6 24. Nb1 h5 25. Nd2 g4 26. Rxf4 Qxf4 27. Rf1 Qh6 28. Rxf8
Qxf8 29. Qe3 Qf6 30. Qg3 Qg5 31. Nb3 gxh3 0-1